00000000nam 2200000zi 4500
0019.945122
003CaOODSP
00520241126093548
006m     o  d f      
007cr |n|||||||||
008241113s1977    onc     o    f000 0 eng d
040 |aCaOODSP|beng|erda|cCaOODSP
043 |an-cn---
0861 |aF97-2/1977E-PDF
24500|aAgenda for co-operation : |ba discussion paper on decontrol and post-control issues.
264 1|a[Ottawa] : |bGovernment of Canada = Gouvernement du Canada, |c[1977]
300 |a1 online resource (63 pages)
336 |atext|btxt|2rdacontent
337 |acomputer|bc|2rdamedia
338 |aonline resource|bcr|2rdacarrier
500 |aIssued also in French under title: Programme de coopération : un document d'étude portant sur les questions du décontrôle et de l'après-contrôle.
500 |aDigitized edition from print [produced by Government of Canada Publications Directorate].
650 0|aWage-price policy|zCanada.
650 0|aInflation (Finance)|zCanada.
7101 |aCanada. |bDepartment of Finance, |eissuing body.
77508|tProgramme de coopération : |w(CaOODSP)9.945563
85640|qPDF|s3.36 MB|uhttps://publications.gc.ca/collections/collection_2024/fin/F97-2-1977-eng.pdf